[Event "Berlin Lichtenberger op 17th"]
[Site "Berlin"]
[Date "2018.08.18"]
[Round "1"]
[White "Ettel, Ralf"]
[Black "Schmidt, Rico"]
[Result "0-1"]
[WhiteElo "1549"]
[BlackElo "1804"]
[PlyCount "58"]
[EventDate "2018.08.18"]
[EventType "swiss"]
[EventRounds "9"]
[EventCountry "GER"]
[SourceTitle "CBM 186 Extra"]
[Source "ChessBase"]
[SourceDate "2018.08.24"]
[SourceVersion "1"]
[SourceVersionDate "2018.08.24"]
[SourceQuality "1"]

1. c4 e6 2. Nc3 d5 3. d4 Nf6 4. Bg5 Nbd7 5. cxd5 exd5 6. Nf3 Be7 7. e3 h6 8. Bh4 0-0 9. Bd3 c6 10. 0-0 Ne4 11. Bxe7 Qxe7 12. Qc2 f5 13. h4 g5 14. hxg5 hxg5 15. Ne2 Rf7 16. Ne5 Nxe5 17. dxe5 Qxe5 18. f4 Qe7 19. Bxe4 fxe4 20. fxg5 Rg7 21. Rf6 Rxg5 22. Raf1 Qg7 23. Nd4 Bh3 24. R1f2 Bxg2 25. Ne6 Bf3+ 26. Nxg5 Qxg5+ 27. Rg2 Qxg2+ 28. Qxg2+ Bxg2 29. Kxg2 Rf8 0-1

[Event "Rostock SSC op 16th"]
[Site "Rostock"]
[Date "2017.07.28"]
[Round "5"]
[White "Schmidt, Rico"]
[Black "Lamaze, Simon"]
[Result "1/2-1/2"]
[WhiteElo "1817"]
[BlackElo "1744"]
[PlyCount "53"]
[EventDate "2017.07.26"]
[EventType "swiss"]
[EventRounds "7"]
[EventCountry "GER"]
[SourceTitle "EXT 2018"]
[Source "ChessBase"]
[SourceDate "2017.10.13"]
[SourceVersion "1"]
[SourceVersionDate "2017.10.13"]
[SourceQuality "1"]

1. Nf3 d5 2. g3 Nf6 3. Bg2 Bf5 4. d3 e6 5. 0-0 c5 6. c4 Be7 7. Nh4 Bg4 8. Qc2 Nc6 9. e3 dxc4 10. Bxc6+ bxc6 11. dxc4 g5 12. Ng2 Bf3 13. Nc3 h5 14. e4 Ng4 15. b3 Ne5 16. Bb2 Bf6 17. Na4 Nd7 18. Bxf6 Qxf6 19. Qc3 Bxe4 20. Qxf6 Nxf6 21. Nxc5 0-0-0 22. f3 Bg6 23. Rad1 Rxd1 24. Rxd1 Rd8 25. Rxd8+ Kxd8 26. Ne1 Nd7 27. Ned3 1/2-1/2

[Event "Rostock SSC op 16th"]
[Site "Rostock"]
[Date "2017.07.28"]
[Round "4"]
[White "Schulz, Michael"]
[Black "Schmidt, Rico"]
[Result "1-0"]
[WhiteElo "2148"]
[BlackElo "1817"]
[PlyCount "59"]
[EventDate "2017.07.26"]
[EventType "swiss"]
[EventRounds "7"]
[EventCountry "GER"]
[SourceTitle "EXT 2018"]
[Source "ChessBase"]
[SourceDate "2017.10.13"]
[SourceVersion "1"]
[SourceVersionDate "2017.10.13"]
[SourceQuality "1"]

1. d4 c5 2. d5 d6 3. e4 Nf6 4. Nc3 g6 5. Bg5 h6 6. Bf4 Qb6 7. Qd2 Bg7 8. Bb5+ Bd7 9. a4 Bxb5 10. axb5 g5 11. Bg3 Nh5 12. Nge2 Nd7 13. 0-0 0-0 14. h4 Nxg3 15. Nxg3 gxh4 16. Nf5 h3 17. Qe3 e6 18. Nxg7 Kxg7 19. Qxh3 Nf6 20. Ra3 Rh8 21. Na4 Qxb5 22. dxe6 Rae8 23. Rg3+ Kf8 24. exf7 Kxf7 25. Nc3 Qd7 26. Qh4 Qe6 27. Rf3 Kg7 28. Rd1 Nxe4 29. Nxe4 Qxe4 30. Qf6+ 1-0

[Event "Berlin Lichtenberger op 14th"]
[Site "Berlin"]
[Date "2015.08.19"]
[Round "5"]
[White "Schmidt, Rico"]
[Black "Zenkner, Christian"]
[Result "0-1"]
[WhiteElo "1828"]
[BlackElo "1919"]
[PlyCount "86"]
[EventDate "2015.08.15"]
[EventType "swiss"]
[EventRounds "9"]
[EventCountry "GER"]
[SourceTitle "EXT 2016"]
[Source "ChessBase"]
[SourceDate "2015.10.08"]
[SourceVersion "1"]
[SourceVersionDate "2015.10.08"]
[SourceQuality "1"]

1. Nf3 Nc6 2. d4 d5 3. g3 Nf6 4. Bg2 Bg4 5. 0-0 e6 6. b3 Be7 7. Bb2 0-0 8. Nbd2 Re8 9. c4 Bf8 10. h3 Bh5 11. Re1 Ne4 12. Qc2 Nb4 13. Qc1 Bg6 14. Nxe4 Bxe4 15. Rd1 c5 16. a3 Nc2 17. Ra2 Qb6 18. Nd2 Bxg2 19. Kxg2 Nxd4 20. Bxd4 cxd4 21. b4 dxc4 22. Nf3 e5 23. Qxc4 Rac8 24. Qd5 Qc6 25. Qxc6 Rxc6 26. b5 Rc3 27. a4 f6 28. Ne1 Rec8 29. Rd3 Kf7 30. Kf3 f5 31. Kg2 Ke6 32. g4 g5 33. Rad2 R8c4 34. Ra2 Kd5 35. f3 Rc1 36. Kf2 e4 37. fxe4+ fxe4 38. Rg3 Bc5 39. Ng2 Bd6 40. Rb3 Rc8 41. e3 d3 42. Nf4+ Bxf4 43. exf4 R1c2+ 0-1

[Event "Mecklenburg VP LL2 0506"]
[Site "Mecklenburg VP"]
[Date "2005.11.13"]
[Round "2.7"]
[White "Schmidt, Rico"]
[Black "Lueth, Guenter"]
[Result "1-0"]
[WhiteElo "1544"]
[BlackElo "1574"]
[PlyCount "37"]
[EventDate "2005.10.23"]
[EventType "team"]
[EventRounds "9"]
[EventCountry "GER"]
[SourceTitle "EXT 2009"]
[Source "ChessBase"]
[SourceDate "2008.11.26"]
[SourceVersion "1"]
[SourceVersionDate "2008.11.26"]
[SourceQuality "1"]
[WhiteTeam "Wismar II"]
[BlackTeam "Schwerin III"]
[WhiteTeamCountry "GER"]
[BlackTeamCountry "GER"]

1. e4 e6 2. d4 d5 3. exd5 exd5 4. Bd3 Nf6 5. c3 Be6 6. Bf4 Nbd7 7. Nd2 a6 8. Qe2 Be7 9. 0-0-0 Nb6 10. Ngf3 h6 11. Rde1 Nh5 12. Bg3 Nxg3 13. hxg3 Qd6 14. Ne5 Kf8 15. Ng6+ fxg6 16. Qxe6 Qxe6 17. Rxe6 g5 18. Rhe1 Bf6 19. Bg6 1-0

[Event "Mecklenburg VP LL2 West 0405"]
[Site "Mecklenburg VP"]
[Date "2005.04.24"]
[Round "9.5"]
[White "Isotow, Juri"]
[Black "Schmidt, Rico"]
[Result "1-0"]
[WhiteElo "1916"]
[BlackElo "1375"]
[PlyCount "69"]
[EventDate "2004.10.24"]
[EventType "team-tourn"]
[EventRounds "9"]
[EventCountry "GER"]
[SourceTitle "EXT 2016"]
[Source "ChessBase"]
[SourceDate "2015.10.08"]
[SourceVersion "1"]
[SourceVersionDate "2015.10.08"]
[SourceQuality "1"]
[WhiteTeam "Schwerin SV Einheit"]
[BlackTeam "Wismar ASV Gruen-Weiss II"]
[WhiteTeamCountry "GER"]
[BlackTeamCountry "GER"]

1. Nf3 Nf6 2. b3 d5 3. Bb2 e6 4. g3 c5 5. Bg2 Be7 6. 0-0 Nc6 7. d4 Bd7 8. e3 0-0 9. Nbd2 Rc8 10. c4 Nb4 11. a3 Nd3 12. Bc3 cxd4 13. exd4 dxc4 14. bxc4 b5 15. c5 Nd5 16. Nb1 Nxc3 17. Nxc3 Nb2 18. Qe2 Nc4 19. a4 a6 20. axb5 axb5 21. Rfb1 Rb8 22. Ne1 e5 23. c6 Bf5 24. Nxb5 Rxb5 25. Rxb5 Qxd4 26. Rd1 Bg4 27. Rxd4 Bxe2 28. Re4 Nd6 29. Rbxe5 Nxe4 30. Rxe4 Bb5 31. Rxe7 Rc8 32. c7 Kf8 33. Re5 Bd7 34. Rc5 Ke7 35. Bb7 1-0

[Event "Mecklenburg VP-ch U16"]
[Site "Greifswald"]
[Date "2004.02.09"]
[Round "6"]
[White "Schmidt, Rico"]
[Black "Haase, Sebastian"]
[Result "0-1"]
[WhiteElo "1297"]
[BlackElo "1176"]
[PlyCount "68"]
[EventDate "2004.04.??"]
[EventType "swiss"]
[EventRounds "7"]
[EventCountry "GER"]
[SourceTitle "EXT 2005"]
[Source "ChessBase"]
[SourceDate "2004.11.15"]
[SourceVersion "1"]
[SourceVersionDate "2004.11.15"]
[SourceQuality "1"]

1. e4 c5 2. c3 d6 3. d4 cxd4 4. cxd4 Nf6 5. Nc3 Nc6 6. Be3 g6 7. Bc4 Bg7 8. f3 0-0 9. Nge2 Bd7 10. 0-0 Rc8 11. Bd3 a6 12. a3 Ne8 13. Bc2 b5 14. Qd2 Nf6 15. Rfd1 Ra8 16. h3 Qc8 17. Kh2 Qc7 18. f4 Rfd8 19. d5 Na5 20. g4 Nc4 21. Qc1 Nxe3 22. Qxe3 Bxg4 23. Kg2 Bxe2 24. Qxe2 Nh5 25. Qe3 Bh6 26. Rf1 Qc5 27. Qxc5 dxc5 28. Ne2 e6 29. dxe6 fxe6 30. a4 bxa4 31. Bxa4 Rd2 32. Kf3 Rxb2 33. Rfc1 Rf8 34. Rxc5 Nxf4 0-1

[Event "Mecklenburg VP-ch U16"]
[Site "Greifswald"]
[Date "2004.02.07"]
[Round "1"]
[White "Schmidt, Rico"]
[Black "Kesten, Sebastian"]
[Result "0-1"]
[WhiteElo "1297"]
[BlackElo "1672"]
[PlyCount "102"]
[EventDate "2004.04.??"]
[EventType "swiss"]
[EventRounds "7"]
[EventCountry "GER"]
[SourceTitle "EXT 2005"]
[Source "ChessBase"]
[SourceDate "2004.11.15"]
[SourceVersion "1"]
[SourceVersionDate "2004.11.15"]
[SourceQuality "1"]

1. e4 c5 2. c3 d5 3. exd5 Qxd5 4. d4 Nc6 5. Nf3 Bg4 6. Be2 e6 7. 0-0 Nf6 8. Be3 cxd4 9. Nxd4 Bxe2 10. Qxe2 a6 11. Rd1 Rd8 12. Rd2 Ne4 13. Nxc6 Qxc6 14. Rxd8+ Kxd8 15. Nd2 Nxd2 16. Qxd2+ Kc8 17. Rd1 Be7 18. Qd4 Rd8 19. Qg4 Rxd1+ 20. Qxd1 Qc4 21. b3 Qxc3 22. Bd4 Qa5 23. Bxg7 Qxa2 24. g3 f6 25. Qh5 Qb1+ 26. Kg2 Qg6 27. Qxg6 hxg6 28. Kf3 Kd7 29. Ke4 Ke8 30. f4 Kf7 31. Bh6 g5 32. fxg5 fxg5 33. Ke5 Kg6 34. Kxe6 Bb4 35. Bxg5 Kxg5 36. Kd7 a5 37. Ke6 Kg4 38. Kd5 b5 39. Kd4 Bf8 40. Kd5 Kh3 41. Kd4 Kxh2 42. g4 Kg3 43. g5 Kf4 44. g6 Kf5 45. g7 Bxg7+ 46. Kc5 b4 47. Kb5 Bc3 48. Kxa5 Ke4 49. Kb5 Kd3 50. Kc5 Kc2 51. Kc4 Kb2 0-1